000 00317nam a2200109Ia 4500
008 200302s9999 xx 000 0 und d
100 _aBalkrishna Doshi & Other
245 _aAmdavad-NI-Gufa Ahmedabad 1990-95
260 _bVastu-Shilpa Foundation for Studies & Research
260 _c2008
300 _a52 P.,
999 _c3205
_d3205